Effectif de Manchester city 2023-2024 par leurs numéros - Statistiques

Statistiques générales
  • Ce quiz a été pris 150 fois
  • Le résultat moyen est 17 sur 24
Statistiques - réponses
Hint Réponse % Correct
31 Ederson
99%
9 Erling Haaland
99%
2 Kyle Walker
95%
20 Bernardo Silva
94%
17 Kevin De Bruyne
94%
47 Phil Foden
93%
3 Ruben Dias
92%
10 Jack Grealish
90%
16 Rodri
88%
5 John Stones
83%
6 Nathan Aké
82%
11 Jeremy Doku
80%
25 Manuel Akanji
75%
19 Julian Alvarez
71%
24 Josko Gvardiol
67%
18 Stefan Ortega
66%
8 Matéo Kovacic
63%
82 Rico Lewis
61%
52 Oscar Bobb
54%
27 Matheus Nunes
49%
33 Scott Carson
46%
21 Sergio Gomez
34%
92 Micah Hamilton
18%
76 Mahamadou Susoho
6%
Aucun quiz correspondant
Distribution des résultats
% des personnes avec chaque résultat
Percentile par nombre de réponses
Votre historique - résultats
Vous n’avez pas pris ce quiz